Das Schlafzimmer (English to German) - Statistics

General Stats
  • This quiz has been taken 12 times
    6 since last reset
  • The average score is 11 of 20
Answer Stats
Hint Answer % Correct
bed das Bett
100%
pillow das Kissen
100%
jewelry der Schmuck
100%
alarm clock der Wecker
100%
mattress die Matratze
100%
bracelet das Armband
80%
closet der Kleiderschrank
80%
earring der Ohrring
80%
ring der Ring
80%
blanket die Decke
60%
perfume das Parfüm
40%
hanger der Kleiderbügel
40%
purse die Handtasche
40%
bed linens die Bettwäsche
20%
necklace die Halskette
20%
drawer die Schublade
20%
mystery novel der Krimi
0%
night stand der Nachtkasten
0%
dresser die Kommode
0%
comforter/duvet die Steppdecke
0%
No matching quizzes found
Score Distribution
Percent of People with Each Score
Percentile by Number Answered
Your Score History
You have not taken this quiz since the last reset